000 00367nam a2200145Ia 4500
999 _c31079
_d31079
003 OSt
005 20250822140933.0
008 250310s9999||||xx |||||||||||||| ||und||
040 _c.
082 _a915.404
_bM2977
245 0 _aTravel Aide Enchanting India /
_cMaps and Agencies
260 _aMadras :
_bMaps and Agencies,
_c1981.
300 _a176 p.
942 _cBK
_2ddc